00605nam a22001457a 4500008004100000020001800041050002400059100002500083245011900108260005900227300003400286504003000320650004200350650006700392210611b |||||||| |||| 00| 0 eng d a9789914400687 aHD 57.7 b.M85 2021 aMulwa Francis Wambua aThe audacity in growing conscientious leader: b the role of frontline teams as vision bearers lead from the back/ aGenever, Switzerland :bGlobethics Publishers,c©2021 axviii, 262p. :bill. ;c21cm. aInclude Bibliography Ref. aDevolving Leadership xnew generation aLeadershipxFounder lead from the backvRole of Frontline team